| 000 | 01159cam a22002775i 4500 | ||
|---|---|---|---|
| 999 |
_c8139 _d8139 |
||
| 003 | EG-ScBUE | ||
| 005 | 20200123142927.0 | ||
| 008 | 200123s2007 ua g 000 0 ara d | ||
| 017 | _a2007 / 21952 | ||
| 040 |
_aEG-ScBUE _bara _erda _cEG-ScBUE _dEG-ScBUE |
||
| 082 | 0 | 4 |
_a892.409 _bهـ ي ك _222 |
| 100 | 1 |
_aهيكل، أحمد الشحات، _eمؤلف. |
|
| 245 | 1 | 0 |
_aيهود المغرب في الأدب العبري الحديث وأوهام الخلاص الزائف / _cتأليف د. أحمد الشحات هيكل. |
| 264 | 1 |
_aالقاهرة : _bجامعة القاهرة، مركز الدراسات الشرقية، _c2007. |
|
| 300 |
_a133 صفحة ؛ _c24 سم. |
||
| 336 |
_aنص _btxt _2rdacontent |
||
| 337 |
_aبدون وسيط _bn _2rdamedia |
||
| 338 |
_aمجلد _bnc _2rdacarrier |
||
| 490 | 0 |
_aسلسلة الدراسات الأدبية واللغوية ؛ _v21 |
|
| 504 | _aيشتمل على إرجاعات ببليوجرافية | ||
| 650 | 7 |
_aاليهود في الأدب _2BUEsh _922744 |
|
| 650 | 7 |
_aالأدب العبري _xتاريخ ونقد. _2BUEsh |
|
| 651 | _2BUEsh | ||
| 653 |
_bARALIT _bGGEN _cJuly2019 |
||
| 942 |
_cBB _2ddc |
||